| 000 | 00622cam a2200193 i 4500 | ||
|---|---|---|---|
| 005 | 20260208113018.0 | ||
| 008 | 250721s2021 ua gr 000 f ara d | ||
| 020 | _a9789778065588 | ||
| 082 | 1 | 4 |
_aق/ _bخ ل ي |
| 100 | 1 |
_aخليفة، ضياء الدين _eمؤلف. |
|
| 245 | 1 | 0 |
_aشفرة الدولفين / _cضياء الدين خليفة. |
| 250 | _aالطبعة الأولى. | ||
| 264 | 3 | 1 |
_aالقاهرة : _bدار دون، _c2021. |
| 300 | _a207 صفحة. | ||
| 650 | 1 | 7 | _aالادب العربي. |
| 650 | 1 | 7 | _aالروايات العربية. |
| 942 |
_2ddc _cBK |
||
| 999 |
_c142905 _d142905 |
||